[Event "4NCL/Div3/ANGA1 vs. WWKS"]
[Site "Sunningdale ENG"]
[Date "2007.09.15"]
[Round "1.1"]
[White "Talsma, Paul A"]
[Black "Mason, Don"]
[Result "0-1"]
[WhiteElo "2220"]
[BlackElo "2251"]
[PlyCount "66"]
[EventDate "2007.09.15"]
[EventType "team"]
[EventRounds "11"]
[EventCountry "ENG"]
[SourceDate "2007.09.15"]
[WhiteTeam "Anglian Avengers 1"]
[BlackTeam "Warwickshire Select"]

1. d4 Nf6 2. c4 e6 3. Nc3 Bb4 4. f3 O-O 5. a3 Bxc3+ 6. bxc3 Ne8 7. e4 c5 8. Bd3
Nc6 9. Ne2 b6 10. O-O Ba6 11. Ng3 cxd4 12. cxd4 Nxd4 13. f4 Qc7 14. Bb2 Qc5 15.
Kh1 f6 16. Qa4 Nc7 17. Rad1 Nc6 18. e5 f5 19. Be2 Rfd8 20. Rd2 Rab8 21. Rc1 b5
22. cxb5 Bxb5 23. Qd1 Bxe2 24. Qxe2 Qb5 25. Qh5 Nd5 26. Qg5 h6 27. Qh4 Qa4 28.
Nh5 g5 29. Qh3 Rb3 30. Ng3 Kg7 31. fxg5 hxg5 32. Nxf5+ exf5 33. Rxd5 Rxh3 0-1

[Event "4NCL/Div3/ANGA1 vs. WWKS"]
[Site "Sunningdale ENG"]
[Date "2007.09.15"]
[Round "1.2"]
[White "Thomas, Nicholas"]
[Black "Gregory, Stephen J"]
[Result "1-0"]
[WhiteElo "2299"]
[BlackElo "2153"]
[PlyCount "49"]
[EventDate "2007.09.15"]
[EventType "team"]
[EventRounds "11"]
[EventCountry "ENG"]
[SourceDate "2007.09.15"]
[WhiteTeam "Warwickshire Select"]
[BlackTeam "Anglian Avengers 1"]

1. e4 d5 2. exd5 Qxd5 3. Nc3 Qa5 4. d4 Nf6 5. Nf3 Bg4 6. h3 Bxf3 7. Qxf3 c6 8.
Bc4 e6 9. Bd2 Qd8 10. O-O-O Be7 11. g4 O-O 12. g5 Nd5 13. Rdg1 b5 14. Nxd5 exd5
15. Bd3 Re8 16. Rg4 g6 17. h4 Bf8 18. h5 Qd6 19. hxg6 fxg6 20. Rxh7 Bg7 21. Bb4
Qe6 22. Qh1 c5 23. Rxg7+ Kxg7 24. Qh6+ Kg8 25. Rh4 1-0

[Event "4NCL/Div3/ANGA1 vs. WWKS"]
[Site "Sunningdale ENG"]
[Date "2007.09.15"]
[Round "1.3"]
[White "Spence, David"]
[Black "James, Russell A"]
[Result "1-0"]
[WhiteElo "2183"]
[BlackElo "2238"]
[PlyCount "89"]
[EventDate "2007.09.15"]
[EventType "team"]
[EventRounds "11"]
[EventCountry "ENG"]
[SourceDate "2007.09.15"]
[WhiteTeam "Anglian Avengers 1"]
[BlackTeam "Warwickshire Select"]

1. e4 e5 2. Nf3 Nc6 3. Bb5 Nf6 4. Qe2 d6 5. c3 Be7 6. O-O O-O 7. Rd1 Bg4 8. d3
Nd7 9. h3 Bxf3 10. Qxf3 Bg5 11. Nd2 a6 12. Ba4 g6 13. Nf1 Nc5 14. Bxc6 bxc6 15.
d4 Nd7 16. Ng3 Bxc1 17. Raxc1 Qg5 18. Qg4 Qxg4 19. hxg4 Rab8 20. Rc2 a5 21. b3
Rb5 22. f3 Rfb8 23. Nf1 a4 24. b4 d5 25. exd5 cxd5 26. a3 f5 27. gxf5 gxf5 28.
dxe5 Nxe5 29. Ne3 c6 30. c4 dxc4 31. Nxc4 Ng6 32. Nd6 Re5 33. Rxc6 Rd8 34. Kf2
Nf4 35. Rc2 Re6 36. Rcd2 Re5 37. g3 Ne6 38. Nc4 Rxd2+ 39. Rxd2 Rb5 40. Nd6 Rb6
41. Nxf5 Nc7 42. Rd8+ Kf7 43. Rd7+ Kf6 44. Rxc7 Kxf5 45. Rc5+ 1-0

[Event "4NCL/Div3/ANGA1 vs. WWKS"]
[Site "Sunningdale ENG"]
[Date "2007.09.15"]
[Round "1.4"]
[White "Pitcher, John"]
[Black "Le Moir, David"]
[Result "1-0"]
[WhiteElo "2195"]
[BlackElo "2215"]
[PlyCount "61"]
[EventDate "2007.09.15"]
[EventType "team"]
[EventRounds "11"]
[EventCountry "ENG"]
[SourceDate "2007.09.15"]
[WhiteTeam "Warwickshire Select"]
[BlackTeam "Anglian Avengers 1"]

1. e4 d6 2. d4 Nf6 3. Nc3 e5 4. Nf3 Nbd7 5. Bc4 Be7 6. a4 c6 7. Ba2 Qc7 8. O-O
h6 9. Re1 Nf8 10. Nh4 exd4 11. Qxd4 Ne6 12. Qd3 Nc5 13. Qg3 Be6 14. b4 Na6 15.
Bxe6 fxe6 16. Ng6 Rg8 17. b5 Nb4 18. bxc6 bxc6 19. Rb1 Nxc2 20. Re2 Nd4 21.
Reb2 Nd7 22. Be3 e5 23. Bxd4 exd4 24. Ne2 Bf6 25. Rb7 Rb8 26. Rxb8+ Nxb8 27.
Qb3 d5 28. exd5 Na6 29. d6 Qxd6 30. Qxg8+ Kd7 31. Qf7+ 1-0

[Event "4NCL/Div3/ANGA1 vs. WWKS"]
[Site "Sunningdale ENG"]
[Date "2007.09.15"]
[Round "1.5"]
[White "Player, Edmund C"]
[Black "Shephard, Chris C W"]
[Result "1/2-1/2"]
[WhiteElo "2132"]
[BlackElo "2175"]
[PlyCount "46"]
[EventDate "2007.09.15"]
[EventType "team"]
[EventRounds "11"]
[EventCountry "ENG"]
[SourceDate "2007.09.15"]
[WhiteTeam "Anglian Avengers 1"]
[BlackTeam "Warwickshire Select"]

1. e4 c6 2. d4 g6 3. Nc3 d5 4. Nf3 Bg7 5. Be2 dxe4 6. Nxe4 Nf6 7. Nxf6+ exf6 8.
Be3 O-O 9. O-O Re8 10. Qd2 f5 11. Rfe1 Nd7 12. Bg5 Nf6 13. Bc4 Be6 14. Bxe6
Rxe6 15. Rxe6 fxe6 16. Qb4 Qc7 17. Bxf6 Bxf6 18. Re1 Re8 19. c3 Kg7 20. Qa4 Qb8
21. Qb3 Qc8 22. Nd2 e5 23. dxe5 Rxe5 1/2-1/2

[Event "4NCL/Div3/ANGA1 vs. WWKS"]
[Site "Sunningdale ENG"]
[Date "2007.09.15"]
[Round "1.6"]
[White "Galloway, Iain"]
[Black "Gray, Mark S"]
[Result "1/2-1/2"]
[WhiteElo "2136"]
[BlackElo "2114"]
[PlyCount "55"]
[EventDate "2007.09.15"]
[EventType "team"]
[EventRounds "11"]
[EventCountry "ENG"]
[SourceDate "2007.09.15"]
[WhiteTeam "Warwickshire Select"]
[BlackTeam "Anglian Avengers 1"]

1. e4 e5 2. Nf3 Nc6 3. Nc3 Nf6 4. d4 exd4 5. Nd5 Nb4 6. Bc4 Nbxd5 7. exd5 Bb4+
8. Kf1 O-O 9. Qxd4 h6 10. h4 d6 11. Bg5 Bf5 12. c3 Bc5 13. Qf4 Bg6 14. Bxf6
Qxf6 15. Qxf6 gxf6 16. h5 Bh7 17. Re1 Rfe8 18. Rh4 Rxe1+ 19. Nxe1 Re8 20. Nf3
a6 21. a4 Be4 22. Nd2 Bc2 23. Rf4 Re5 24. g4 f5 25. gxf5 Rxf5 26. Rxf5 Bxf5 27.
Kg2 Kg7 28. Kg3 1/2-1/2

[Event "4NCL/Div3/ANGA1 vs. WWKS"]
[Site "Sunningdale ENG"]
[Date "2007.09.15"]
[Round "1.7"]
[White "Wallis, Ian"]
[Black "Addis, Mark"]
[Result "0-1"]
[WhiteElo "2075"]
[BlackElo "2090"]
[PlyCount "96"]
[EventDate "2007.09.15"]
[EventType "team"]
[EventRounds "11"]
[EventCountry "ENG"]
[SourceDate "2007.09.15"]
[WhiteTeam "Anglian Avengers 1"]
[BlackTeam "Warwickshire Select"]

1. e4 g6 2. d4 Bg7 3. Nf3 d6 4. Bc4 c6 5. Bb3 Nf6 6. Qe2 O-O 7. O-O Bg4 8. Re1
e5 9. dxe5 dxe5 10. Nbd2 Qc7 11. h3 Bxf3 12. Nxf3 Nbd7 13. c3 Nc5 14. Bc2 Ne6
15. Ng5 Nxg5 16. Bxg5 h6 17. Be3 Rfd8 18. Rad1 b6 19. Qf3 Nh7 20. Qg3 Rxd1 21.
Rxd1 Rd8 22. Rxd8+ Qxd8 23. Bb3 Ng5 24. h4 Ne6 25. Bxe6 fxe6 26. Qxg6 Qxh4 27.
Qxe6+ Kh7 28. Qf5+ Kh8 29. Qc8+ Kh7 30. Qxc6 Qg4 31. Qd5 Qe2 32. Qb3 Qe1+ 33.
Kh2 Qe2 34. a4 Qh5+ 35. Kg1 Qe2 36. g3 Qf3 37. Qd5 Qe2 38. a5 Qxb2 39. axb6
axb6 40. c4 h5 41. Kg2 Qe2 42. Qe6 Kh8 43. Qc8+ Kh7 44. Qf5+ Kg8 45. Bxb6 Qxc4
46. Qg6 Qe2 47. Kh3 Qf3 48. Be3 Qh1# 0-1

[Event "4NCL/Div3/ANGA1 vs. WWKS"]
[Site "Sunningdale ENG"]
[Date "2007.09.15"]
[Round "1.8"]
[White "Hale, Katie L W"]
[Black "Egorova, Anna"]
[Result "1-0"]
[WhiteElo "1800"]
[BlackElo "1950"]
[PlyCount "69"]
[EventDate "2007.09.15"]
[EventType "team"]
[EventRounds "11"]
[EventCountry "ENG"]
[SourceDate "2007.09.15"]
[WhiteTeam "Warwickshire Select"]
[BlackTeam "Anglian Avengers 1"]

1. e4 c6 2. d4 d5 3. Nc3 dxe4 4. Nxe4 Bf5 5. Ng3 Bg6 6. Bf4 Nf6 7. c4 e6 8. a3
Nbd7 9. N1e2 Be7 10. Nc3 Nb6 11. Be2 O-O 12. O-O Rc8 13. Rc1 c5 14. Nb5 a6 15.
dxc5 axb5 16. cxb6 Qxb6 17. cxb5 Nd5 18. Be5 Bf6 19. Bxf6 Nxf6 20. h4 h6 21. h5
Bh7 22. a4 Nd5 23. Bf3 Rxc1 24. Qxc1 Nb4 25. Qc3 Nc2 26. Rc1 Nd4 27. Bxb7 Qxb7
28. Qxd4 Ra8 29. b3 Qe7 30. b6 Rb8 31. Rc7 Qe8 32. a5 Qb5 33. Qc5 Qa6 34. b7
Bd3 35. Rc8+ 1-0

[Event "4NCL/Div3/FCA1 vs. SWD2"]
[Site "Sunningdale ENG"]
[Date "2007.09.15"]
[Round "1.1"]
[White "Hetey, Laszlo"]
[Black "Spice, Alan"]
[Result "1-0"]
[WhiteElo "2344"]
[BlackElo "2151"]
[PlyCount "143"]
[EventDate "2007.09.15"]
[EventType "team"]
[EventRounds "11"]
[EventCountry "ENG"]
[SourceDate "2007.09.15"]
[WhiteTeam "FCA Solutions 1"]
[BlackTeam "S. Wales Dragons 2"]

1. d4 e6 2. c4 f5 3. Nc3 Nf6 4. e3 Bb4 5. Bd3 O-O 6. Nge2 d6 7. Qc2 Nc6 8. Bd2
a5 9. a3 Bxc3 10. Bxc3 Qe8 11. O-O-O Ng4 12. Nf4 e5 13. Nd5 Qf7 14. h3 Nf6 15.
Nxf6+ Qxf6 16. d5 Ne7 17. f4 Qh6 18. fxe5 dxe5 19. Qd2 Qd6 20. Bxa5 c5 21. Bc3
Bd7 22. g4 e4 23. Bc2 Ng6 24. Rdg1 Ne5 25. gxf5 Bxf5 26. Qg2 g6 27. Bxe4 Nxc4
28. Bxf5 Rxf5 29. Qg4 Nxe3 30. Qe4 Qf4 31. Qxf4 Rxf4 32. Rg5 Raf8 33. d6 Rf1+
34. Rxf1 Rxf1+ 35. Kd2 Nc4+ 36. Ke2 Rf7 37. Rxc5 Nxd6 38. Rd5 Nf5 39. a4 Rc7
40. a5 Kf7 41. Kd3 Ke6 42. Re5+ Kd6 43. Re8 Kd5 44. Re5+ Kd6 45. Rb5 Kc6 46.
Rb6+ Kd5 47. Bd2 Rd7 48. Bf4 Nd4 49. b4 Nf5 50. Bh2 Nd4 51. Kc3 Ne2+ 52. Kb3
Nd4+ 53. Ka4 Kc4 54. Bg1 Nc2 55. Rb5 Kc3 56. Rc5+ Kb2 57. Bh2 Rd3 58. Be5+ Kb1
59. h4 Ra3+ 60. Kb5 Rh3 61. Bf6 Rf3 62. Bc3 Ka2 63. Kb6 Kb3 64. b5 Na3 65. Be5
Kb4 66. Bc3+ Kb3 67. Kxb7 Rxc3 68. Rxc3+ Kxc3 69. Kc6 Kb4 70. b6 Nc4 71. a6
Na5+ 72. Kc7 1-0

[Event "4NCL/Div3/FCA1 vs. SWD2"]
[Site "Sunningdale ENG"]
[Date "2007.09.15"]
[Round "1.2"]
[White "Roberts, David L (reserve)"]
[Black "Constantinou, Peter"]
[Result "0-1"]
[WhiteElo "2140"]
[BlackElo "2173"]
[PlyCount "86"]
[EventDate "2007.09.15"]
[EventType "team"]
[EventRounds "11"]
[EventCountry "ENG"]
[SourceDate "2007.09.15"]
[WhiteTeam "S. Wales Dragons 2"]
[BlackTeam "FCA Solutions 1"]

1. e4 g6 2. d4 Bg7 3. Nc3 c6 4. Be3 Qb6 5. Qd2 Qxb2 6. Rb1 Qa3 7. Bc4 Qa5 8.
Nge2 d6 9. O-O Nf6 10. Bh6 O-O 11. Bxg7 Kxg7 12. Ng3 Nbd7 13. Be2 e5 14. dxe5
dxe5 15. Qe3 Qc5 16. Qd2 Nb6 17. Nd1 Be6 18. Ne3 Kh8 19. a4 Rfd8 20. Qc1 Rd4
21. a5 Qxa5 22. Nef5 gxf5 23. Qg5 Nfd7 24. exf5 f6 25. Qh6 Bf7 26. Bh5 Bg8 27.
Rfd1 Qc5 28. Rxd4 exd4 29. Bg6 Qf8 30. Qh4 Qe7 31. Nh5 Nd5 32. g4 b5 33. Rb3
hxg6 34. fxg6 Bh7 35. g7+ Kg8 36. Rh3 Qe1+ 37. Kg2 Be4+ 38. Rf3 Bxf3+ 39. Kxf3
Ne5+ 40. Kg2 Qe4+ 41. Kf1 Qe1+ 42. Kg2 Qg1+ 43. Kh3 Qxg4+ 0-1

[Event "4NCL/Div3/FCA1 vs. SWD2"]
[Site "Sunningdale ENG"]
[Date "2007.09.15"]
[Round "1.3"]
[White "Tippleston, Charles"]
[Black "Brown, Alan M"]
[Result "1/2-1/2"]
[WhiteElo "2178"]
[BlackElo "2136"]
[PlyCount "122"]
[EventDate "2007.09.15"]
[EventType "team"]
[EventRounds "11"]
[EventCountry "ENG"]
[SourceDate "2007.09.15"]
[WhiteTeam "FCA Solutions 1"]
[BlackTeam "S. Wales Dragons 2"]

1. e4 e6 2. d4 d5 3. Nd2 Nf6 4. e5 Nfd7 5. c3 b6 6. Nh3 Ba6 7. Bxa6 Nxa6 8. O-O
c5 9. f4 g6 10. g4 h5 11. Ng5 hxg4 12. Qxg4 Nc7 13. Ndf3 Qe7 14. a4 O-O-O 15.
a5 b5 16. Be3 c4 17. b3 a6 18. Bc1 Qe8 19. Qg2 Nb8 20. Nd2 Nc6 21. Ba3 Bxa3 22.
Rxa3 Ne7 23. Ra2 Nf5 24. Qf3 Qd7 25. Rb2 Rdf8 26. Rfb1 cxb3 27. Nxb3 f6 28. Nc5
Qe7 29. exf6 Qxf6 30. Rf1 Rh5 31. Rbf2 Rfh8 32. Re1 Ng7 33. Qe2 Rh4 34. Nd3 Qf5
35. Qf3 Rg4+ 36. Kh1 Nh5 37. Rg1 Rxg1+ 38. Kxg1 Nxf4 39. Nxf4 Qxg5+ 40. Rg2 Qf5
41. Qf1 Rf8 42. Rf2 g5 43. Ng2 Qxf2+ 44. Qxf2 Rxf2 45. Kxf2 Kd8 46. Kf3 Ne8 47.
Ne1 Nf6 48. Nd3 Ne4 49. Nb4 Nxc3 50. Nxa6 Ne4 51. Nb4 Kc7 52. Kg4 Kb7 53. Kh5
Kc7 54. Kg6 g4 55. Kf7 Ng5+ 56. Kf6 Nf3 57. Kxe6 Nxd4+ 58. Kxd5 Nf3 59. Kc5
Nxh2 60. Nd5+ Kb7 61. Kxb5 g3 1/2-1/2

[Event "4NCL/Div3/FCA1 vs. SWD2"]
[Site "Sunningdale ENG"]
[Date "2007.09.15"]
[Round "1.4"]
[White "Thomas, Joseff"]
[Black "Macdonald-Ross, Michael"]
[Result "0-1"]
[WhiteElo "2019"]
[BlackElo "2150"]
[PlyCount "82"]
[EventDate "2007.09.15"]
[EventType "team"]
[EventRounds "11"]
[EventCountry "ENG"]
[SourceDate "2007.09.15"]
[WhiteTeam "S. Wales Dragons 2"]
[BlackTeam "FCA Solutions 1"]

1. e4 c6 2. d4 d5 3. Nc3 dxe4 4. Bc4 Nf6 5. f3 e3 6. Bxe3 Nbd7 7. Nge2 Nb6 8.
Bb3 a5 9. a3 a4 10. Ba2 Nbd5 11. Bg5 h6 12. Bxf6 gxf6 13. Nxd5 cxd5 14. Nf4 Ra5
15. Qd2 h5 16. Qe2 h4 17. O-O Bh6 18. Nd3 Rg8 19. Nb4 Bh3 20. Rf2 Kf8 21. Re1
e6 22. Kh1 Bf5 23. c4 dxc4 24. Qxc4 Kg7 25. Rd1 Qd6 26. d5 Bf4 27. Qe2 e5 28.
Nd3 Bxh2 29. Kxh2 e4+ 30. Ne5 Qxe5+ 31. f4 Qd6 32. Qe1 Rc5 33. Qe3 Rgc8 34. Rd4
Rc1 35. g3 Ra1 36. Bc4 b5 37. Bxb5 Rcc1 38. Rf1 Rxf1 39. Bxf1 Rxf1 40. gxh4
Rxf4 41. Qg3+ Kh7 0-1

[Event "4NCL/Div3/FCA1 vs. SWD2"]
[Site "Sunningdale ENG"]
[Date "2007.09.15"]
[Round "1.6"]
[White "Miles, Richard"]
[Black "Fraser-Mitchell, Jeremy"]
[Result "1/2-1/2"]
[WhiteElo "2035"]
[BlackElo "2097"]
[PlyCount "43"]
[EventDate "2007.09.15"]
[EventType "team"]
[EventRounds "11"]
[EventCountry "ENG"]
[SourceDate "2007.09.15"]
[WhiteTeam "S. Wales Dragons 2"]
[BlackTeam "FCA Solutions 1"]

1. d4 f5 2. Bg5 g6 3. h4 Bg7 4. e4 fxe4 5. Nc3 Nc6 6. d5 Ne5 7. Nxe4 d6 8. h5
h6 9. Be3 g5 10. Qd2 Nf6 11. Nxf6+ exf6 12. O-O-O O-O 13. Nf3 Qe8 14. Nd4 Bd7
15. f3 c5 16. dxc6 bxc6 17. Nb3 d5 18. Bc5 Rf7 19. Bd3 f5 20. Rde1 Qb8 21. Ba6
f4 22. Qb4 1/2-1/2

[Event "4NCL/Div3/FCA1 vs. SWD2"]
[Site "Sunningdale ENG"]
[Date "2007.09.15"]
[Round "1.7"]
[White "Freeman, Richard C P"]
[Black "van Kemenade, Rudy"]
[Result "1/2-1/2"]
[WhiteElo "2097"]
[BlackElo "2032"]
[PlyCount "43"]
[EventDate "2007.09.15"]
[EventType "team"]
[EventRounds "11"]
[EventCountry "ENG"]
[SourceDate "2007.09.15"]
[WhiteTeam "FCA Solutions 1"]
[BlackTeam "S. Wales Dragons 2"]

1. d4 Nf6 2. Bg5 c5 3. Bxf6 gxf6 4. d5 Qb6 5. Qc1 f5 6. e3 Bg7 7. c3 Qg6 8. Nh3
e5 9. dxe6 fxe6 10. Nf4 Qf7 11. Be2 O-O 12. c4 Nc6 13. Nc3 Kh8 14. Qd2 a6 15.
Na4 b5 16. cxb5 axb5 17. Nxc5 Qe7 18. Nb3 Qb4 19. Qxb4 Nxb4 20. O-O Bxb2 21.
Rab1 Rxa2 22. Bxb5 1/2-1/2

[Event "4NCL/Div3/FCA1 vs. SWD2"]
[Site "Sunningdale ENG"]
[Date "2007.09.15"]
[Round "1.8"]
[White "Rees, Sioned"]
[Black "Stenning, Marissa"]
[Result "0-1"]
[WhiteElo "1324"]
[BlackElo "1820"]
[PlyCount "62"]
[EventDate "2007.09.15"]
[EventType "team"]
[EventRounds "11"]
[EventCountry "ENG"]
[SourceDate "2007.09.15"]
[WhiteTeam "S. Wales Dragons 2"]
[BlackTeam "FCA Solutions 1"]

1. e4 d5 2. exd5 Qxd5 3. Nc3 Qa5 4. Nf3 Nf6 5. d4 Bf5 6. Bd3 Bxd3 7. Qxd3 e6 8.
O-O Be7 9. Bd2 c6 10. Ne4 Qd8 11. c4 Nbd7 12. Bc3 Nxe4 13. Qxe4 Nf6 14. Qe5 Bd6
15. Qg5 O-O 16. d5 exd5 17. cxd5 Be7 18. Nh4 Ne8 19. Qg4 Bxh4 20. Rfe1 Qg5 21.
Qxg5 Bxg5 22. Bb4 Nd6 23. Bxd6 Rfd8 24. Bg3 Rxd5 25. Re7 Bxe7 26. Re1 Bf6 27.
b3 Rd2 28. a3 Rad8 29. f3 Rd1 30. Rxd1 Rxd1+ 31. Kf2 Rb1 0-1

[Event "4NCL/Div3/CAMB2 vs. NWE2"]
[Site "Sunningdale ENG"]
[Date "2007.09.15"]
[Round "1.1"]
[White "Pickard, Charles"]
[Black "Hague, Ben"]
[Result "1-0"]
[WhiteElo "2174"]
[BlackElo "2300"]
[PlyCount "79"]
[EventDate "2007.09.15"]
[EventType "team"]
[EventRounds "11"]
[EventCountry "ENG"]
[SourceDate "2007.09.15"]
[WhiteTeam "Cambridge Univ. 2"]
[BlackTeam "North West Eagles 1"]

1. Nf3 d6 2. g3 e5 3. d3 f5 4. Bg2 Nf6 5. c4 Be7 6. b4 O-O 7. O-O Qe8 8. Nc3
Qh5 9. Ne1 f4 10. gxf4 Bh3 11. e3 Ng4 12. Qf3 Bxg2 13. Qxg2 c6 14. Ne2 Nd7 15.
Ng3 Qf7 16. f5 d5 17. cxd5 cxd5 18. Bd2 h5 19. Qh3 Ndf6 20. Nf3 Nh7 21. e4 dxe4
22. dxe4 Rad8 23. Nxh5 Ngf6 24. Ng3 Rxd2 25. Nxd2 Ng5 26. Qg2 Bxb4 27. Nf3
Ngxe4 28. Nxe5 Qd5 29. Ng6 Re8 30. Nf4 Qe5 31. Nd3 Qd4 32. Nxb4 Qxb4 33. Rab1
Qa3 34. Rxb7 Nd2 35. Rxg7+ Kf8 36. Rg6 Nf3+ 37. Kh1 Nd5 38. Qh3 Nf4 39. Qh6+
Ke7 40. Qxf4 1-0

[Event "4NCL/Div3/CAMB2 vs. NWE2"]
[Site "Sunningdale ENG"]
[Date "2007.09.15"]
[Round "1.2"]
[White "Hughes, Howard R"]
[Black "Cooley, Oliver"]
[Result "0-1"]
[WhiteElo "2213"]
[BlackElo "2108"]
[PlyCount "72"]
[EventDate "2007.09.15"]
[EventType "team"]
[EventRounds "11"]
[EventCountry "ENG"]
[SourceDate "2007.09.15"]
[WhiteTeam "North West Eagles 1"]
[BlackTeam "Cambridge Univ. 2"]

1. e4 d5 2. exd5 Qxd5 3. Nc3 Qa5 4. Bc4 Nf6 5. d4 Bf5 6. Bd2 c6 7. Nf3 e6 8.
Qe2 Nbd7 9. d5 cxd5 10. Nxd5 Qd8 11. Nxf6+ gxf6 12. Nd4 Bg6 13. O-O-O Qb6 14.
Nb3 Rc8 15. Bc3 a6 16. Rhe1 Bh6+ 17. Kb1 Ne5 18. Bxe5 fxe5 19. Qxe5 O-O 20. Qd4
Qc7 21. Bd3 Rfd8 22. Qg4 Qxh2 23. Bxg6 hxg6 24. Nd4 Qf4 25. Qxf4 Bxf4 26. g3
Bb8 27. f4 Ba7 28. c3 Kg7 29. g4 Rd5 30. f5 Bxd4 31. fxe6 Bf2 32. Rxd5 Bxe1 33.
Rd7 Re8 34. exf7 Rf8 35. Rxb7 Rxf7 36. Ra7 Rxa7 0-1

[Event "4NCL/Div3/CAMB2 vs. NWE2"]
[Site "Sunningdale ENG"]
[Date "2007.09.15"]
[Round "1.3"]
[White "Jones, Richard M"]
[Black "Redmond, John"]
[Result "1/2-1/2"]
[WhiteElo "2086"]
[BlackElo "2212"]
[PlyCount "98"]
[EventDate "2007.09.15"]
[EventType "team"]
[EventRounds "11"]
[EventCountry "ENG"]
[SourceDate "2007.09.15"]
[WhiteTeam "Cambridge Univ. 2"]
[BlackTeam "North West Eagles 1"]

1. e4 e6 2. d4 d5 3. Nd2 Be7 4. Ngf3 Nf6 5. Bd3 c5 6. dxc5 dxe4 7. Nxe4 Nxe4 8.
Bxe4 Qxd1+ 9. Kxd1 Bxc5 10. Ke2 Nd7 11. Bd3 O-O 12. Re1 b6 13. Be3 Bb7 14. Rad1
Bxe3 15. Kxe3 Nf6 16. c4 Rac8 17. b3 e5 18. Bf5 Rc5 19. a4 g6 20. Bb1 Re8 21.
h3 Rc7 22. Rd6 Nh5 23. g3 f5 24. Ng5 Rce7 25. Ke2 Kg7 26. Red1 Nf6 27. Rd8 Rxd8
28. Rxd8 h6 29. Nf3 Ne4 30. Rd3 Nxg3+ 31. fxg3 e4 32. Rd2 exf3+ 33. Kf2 Kf6 34.
b4 g5 35. c5 bxc5 36. bxc5 g4 37. h4 Bc6 38. Bc2 Re5 39. Rd6+ Re6 40. Rd2 a5
41. Bb3 Re2+ 42. Rxe2 fxe2 43. Kxe2 Ke5 44. Ke3 Bd7 45. Bc2 Be8 46. Bb3 Bc6 47.
Bc2 Be8 48. Bb3 Bc6 49. Bc2 Be8 1/2-1/2

[Event "4NCL/Div3/CAMB2 vs. NWE2"]
[Site "Sunningdale ENG"]
[Date "2007.09.15"]
[Round "1.4"]
[White "Lyell, Mark"]
[Black "Beckett, Chris J"]
[Result "1-0"]
[WhiteElo "2187"]
[BlackElo "2106"]
[PlyCount "61"]
[EventDate "2007.09.15"]
[EventType "team"]
[EventRounds "11"]
[EventCountry "ENG"]
[SourceDate "2007.09.15"]
[WhiteTeam "North West Eagles 1"]
[BlackTeam "Cambridge Univ. 2"]

1. e4 e6 2. d4 d5 3. e5 c5 4. c3 Qb6 5. Nf3 Nc6 6. a3 Nh6 7. b4 cxd4 8. cxd4
Nf5 9. Bb2 Bd7 10. g4 Nh6 11. Rg1 Be7 12. Nc3 Rc8 13. Na4 Qd8 14. Nc5 Bxc5 15.
dxc5 Ne7 16. Bd3 b6 17. cxb6 Qxb6 18. Bd4 Qb8 19. Bc5 Ng6 20. Bxg6 hxg6 21. Qd4
Ba4 22. Rg3 a6 23. Rc1 Ng8 24. Qf4 Qb7 25. Nd4 Qd7 26. Rf3 Nh6 27. Rcc3 Rc7 28.
Rh3 Rg8 29. Bd6 Rc8 30. Qc1 Rxc3 31. Rxc3 1-0

[Event "4NCL/Div3/CAMB2 vs. NWE2"]
[Site "Sunningdale ENG"]
[Date "2007.09.15"]
[Round "1.5"]
[White "Gibbs, Dominic"]
[Black "Connor, Stephen J"]
[Result "0-1"]
[WhiteElo "1990"]
[BlackElo "2105"]
[PlyCount "160"]
[EventDate "2007.09.15"]
[EventType "team"]
[EventRounds "11"]
[EventCountry "ENG"]
[SourceDate "2007.09.15"]
[WhiteTeam "Cambridge Univ. 2"]
[BlackTeam "North West Eagles 1"]

1. e4 c5 2. c3 Nf6 3. e5 Nd5 4. Nf3 e6 5. Bc4 Nb6 6. Bb3 d5 7. exd6 Bxd6 8. d4
O-O 9. O-O N8d7 10. Re1 Qc7 11. Nbd2 e5 12. Ne4 Be7 13. dxc5 Bxc5 14. Nxc5 Nxc5
15. Nxe5 Nxb3 16. Qxb3 Be6 17. Qc2 Nd5 18. Nf3 h6 19. Nd4 Bd7 20. c4 Rfe8 21.
Bd2 Nf4 22. Rxe8+ Rxe8 23. Re1 Rxe1+ 24. Bxe1 Qc5 25. Ne2 Qe5 26. Kf1 Bf5 27.
Bc3 Qe8 28. Qd2 Bd3 29. Ke1 Qxe2+ 30. Qxe2 Nxe2 31. Be5 Bxc4 32. b3 Ba6 33. Kd2
f6 34. Bb8 Kf7 35. Bxa7 Nf4 36. g3 Nd5 37. h4 Ke6 38. Bc5 h5 39. Bd4 Kf5 40. f3
g5 41. hxg5 fxg5 42. Ke1 Nb4 43. Bc3 Nxa2 44. Bd2 Bd3 45. Kf2 h4 46. Kg2 hxg3
47. Kxg3 b5 48. b4 Bc2 49. Kf2 g4 50. fxg4+ Kxg4 51. Ke3 Kf5 52. Kd4 Ke6 53.
Kc5 Bd3 54. Kd4 Bf1 55. Ke4 Bc4 56. Kd4 Kf5 57. Kc5 Ke4 58. Bh6 Kd3 59. Bg7 Kc2
60. Bf8 Kb3 61. Kb6 Nxb4 62. Ka5 Nd5 63. Bd6 Be2 64. Bf8 Kc4 65. Ka6 b4 66.
Bxb4 Kxb4+ 67. Kb7 Kc5 68. Kc8 Kd6 69. Kd8 Bb5 70. Kc8 Bc6 71. Kd8 Nf4 72. Kc8
Ne6 73. Kb8 Kc5 74. Kc8 Kb6 75. Kb8 Bd7 76. Ka8 Bc8 77. Kb8 Ba6 78. Ka8 Nd8 79.
Kb8 Nc6+ 80. Ka8 Bb7# 0-1

[Event "4NCL/Div3/CAMB2 vs. NWE2"]
[Site "Sunningdale ENG"]
[Date "2007.09.15"]
[Round "1.6"]
[White "Williamson, Roger"]
[Black "Gooding, Ian"]
[Result "1-0"]
[WhiteElo "2129"]
[BlackElo "1987"]
[PlyCount "91"]
[EventDate "2007.09.15"]
[EventType "team"]
[EventRounds "11"]
[EventCountry "ENG"]
[SourceDate "2007.09.15"]
[WhiteTeam "North West Eagles 1"]
[BlackTeam "Cambridge Univ. 2"]

1. e4 e6 2. d4 d5 3. Nc3 Nf6 4. e5 Nfd7 5. f4 c5 6. Nf3 Nc6 7. Be3 a6 8. Qd2 b5
9. dxc5 Bxc5 10. Bxc5 Nxc5 11. a3 O-O 12. b4 Nd7 13. Bd3 f6 14. exf6 Qxf6 15.
O-O Nb6 16. Ne2 Nc4 17. Bxc4 dxc4 18. Ne5 Nxe5 19. fxe5 Qe7 20. Rxf8+ Kxf8 21.
Rd1 Bb7 22. c3 Bd5 23. Qf4+ Kg8 24. Rf1 Rf8 25. Qxf8+ Qxf8 26. Rxf8+ Kxf8 27.
h4 Kf7 28. Nf4 h6 29. h5 Be4 30. Kf2 g6 31. hxg6+ Bxg6 32. Ke3 h5 33. g3 Bc2
34. Nxh5 Kg6 35. Nf6 Kf5 36. Kd4 Bd1 37. Nd7 Bf3 38. Nc5 Bc6 39. g4+ Kxg4 40.
Nxe6 Kf5 41. Nc5 Bg2 42. Nxa6 Ke6 43. Nc5+ Ke7 44. a4 Bc6 45. axb5 Bxb5 46. Ne4
1-0

[Event "4NCL/Div3/CAMB2 vs. NWE2"]
[Site "Sunningdale ENG"]
[Date "2007.09.15"]
[Round "1.7"]
[White "Campbell, Mark"]
[Black "Morrison, Lynne"]
[Result "1-0"]
[WhiteElo "2005"]
[BlackElo "1948"]
[PlyCount "75"]
[EventDate "2007.09.15"]
[EventType "team"]
[EventRounds "11"]
[EventCountry "ENG"]
[SourceDate "2007.09.15"]
[WhiteTeam "Cambridge Univ. 2"]
[BlackTeam "North West Eagles 1"]

1. e4 c5 2. Nf3 d6 3. d4 cxd4 4. Nxd4 Nf6 5. Nc3 e6 6. g4 a6 7. g5 Nfd7 8. h4
Qc7 9. f4 Nc6 10. Be3 b5 11. Bg2 Bb7 12. h5 Nb6 13. g6 hxg6 14. hxg6 Rxh1+ 15.
Bxh1 Nxd4 16. gxf7+ Qxf7 17. Qxd4 Nc4 18. O-O-O Nxe3 19. Qxe3 g6 20. Rf1 O-O-O
21. Kb1 Bg7 22. Qg3 b4 23. Ne2 Qf6 24. c3 Kb8 25. Rg1 Rh8 26. Bf3 bxc3 27. bxc3
Qe7 28. Qxg6 Bf6 29. Kc2 Rh3 30. Qg2 Rh8 31. Rb1 Kc8 32. e5 Qh7+ 33. Kb2 Bxf3
34. Qxf3 dxe5 35. Qc6+ Kd8 36. Rd1+ Ke7 37. Rd7+ Kf8 38. Qc8+ 1-0